Historia del arte: de la prehistoria a nuestros dias
Сохранить в:
| Главный автор: | |
|---|---|
| Формат: | |
| Язык: | испанский |
| Опубликовано: |
Barcelona
Omega
1956
|
| Предметы: | |
| Метки: |
Добавить метку
Нет меток, Требуется 1-ая метка записи!
|
MARC
| LEADER | 00000nam a2200000 a 4500 | ||
|---|---|---|---|
| 001 | UCY0869 | ||
| 003 | CL-VaPUC | ||
| 008 | 940816e19560000SP |||||||||||||||||spa|d | ||
| 082 | 0 | 4 | |a 709 |b BAZ |2 21 |
| 100 | 0 | |a Bazin, Germain |e author |9 328718 | |
| 245 | 1 | 0 | |a Historia del arte: de la prehistoria a nuestros dias |
| 300 | |a 488 p | ||
| 942 | |c BK | ||
| 945 | |d 19940816 00:00:00 |a oaravena | ||
| 260 | |a Barcelona |b Omega |c 1956 | ||
| 650 | 0 | |a Arte |v Historia |9 267548 | |
| 583 | |a last modification |c 19940816 00:00:00 |k Rodrigo Vera | ||
| 999 | |c 229761 |d 229759 | ||
| 952 | |0 0 |1 0 |4 0 |6 709_000000000000000_BAZ_1956 |7 0 |8 A |9 231300 |a BIBARQ |b BIBARQ |d 2019-11-15 |i 3007014 |o 709 BAZ 1956 |p 3007014 |r 2025-01-20 |w 2019-11-15 |y BK |k ARQ | ||